000 00965nam a22002651u 4500
001 05508
003 HDC
007 cr bn ---
008 210120p xx fo d 00 engg
040 _aHDC
100 _aDr Mah Hussain-Gambles
_95756
245 0 _aWorld Halal Research 2010 Summit 23rd June - 25th June 2010 - Malaysia :
_bFuture of Halal Lifestyle Products /
_cby Dr Mah Hussain-Gambles
260 _a[No place] :
_b[publisher not identified],
_c2010
300 _a27 pages :
_bIllustrations
336 _atext
_2rdacontent
337 _acomputer
_2rdamedia
338 _aonline resource
_2rdacarrier
650 _aHalal certification
_9753
650 _aHalal industry
_9144
650 _aHalal products
_9642
856 _zRequest full-text at [email protected]
942 _2lcc
942 _cSLIDE
942 _kSLID 000422
999 _c2832
_d2832